GIS cartography : (Record no. 44281)

MARC details
001 - CONTROL NUMBER
control field 23825528
003 - CONTROL NUMBER IDENTIFIER
control field 0000
005 - DATE AND TIME OF LATEST TRANSACTION
control field 20260407160705.0
008 - FIXED-LENGTH DATA ELEMENTS--GENERAL INFORMATION
fixed length control field 240814t20252025flu b 001 0 eng
010 ## - LIBRARY OF CONGRESS CONTROL NUMBER
LC control number 2024038108
020 ## - INTERNATIONAL STANDARD BOOK NUMBER
International Standard Book Number 9781032871141
020 ## - INTERNATIONAL STANDARD BOOK NUMBER
International Standard Book Number 9781032871820
020 ## - INTERNATIONAL STANDARD BOOK NUMBER
Cancelled/invalid ISBN 9781003531302
035 ## - SYSTEM CONTROL NUMBER
System control number 23825528
040 ## - CATALOGING SOURCE
Original cataloging agency DLC
Language of cataloging eng
Description conventions rda
Transcribing agency DLC
042 ## - AUTHENTICATION CODE
Authentication code pcc
050 00 - LIBRARY OF CONGRESS CALL NUMBER
Classification number GA105.3
Item number .P47 2025
082 00 - DEWEY DECIMAL CLASSIFICATION NUMBER
Classification number 526.0285
Edition number 23/eng/20241015
100 1# - MAIN ENTRY--PERSONAL NAME
Personal name Peterson, Gretchen N.,
Relator term author.
245 10 - TITLE STATEMENT
Title GIS cartography :
Remainder of title a guide to effective map design /
Statement of responsibility, etc Gretchen Peterson.
250 ## - EDITION STATEMENT
Edition statement Fourth edition.
263 ## - PROJECTED PUBLICATION DATE
Projected publication date 2502
264 #1 - PUBLICATION, DISTRIBUTION, ETC. (IMPRINT)
Place of publication, distribution, etc Boca Raton, FL ;
-- Abingdon, Oxon :
Name of publisher, distributor, etc CRC Press,
Date of publication, distribution, etc 2025.
264 #4 - PUBLICATION, DISTRIBUTION, ETC. (IMPRINT)
Date of publication, distribution, etc ♭2025
300 ## - PHYSICAL DESCRIPTION
Extent xvii, 355p.:
Other physical details ill.:
336 ## - CONTENT TYPE
Content type term text
Content type code txt
Source rdacontent
337 ## - MEDIA TYPE
Media type term unmediated
Media type code n
Source rdamedia
338 ## - CARRIER TYPE
Carrier type term volume
Carrier type code nc
Source rdacarrier
504 ## - BIBLIOGRAPHY, ETC. NOTE
Bibliography, etc Includes bibliographical references and index.
520 ## - SUMMARY, ETC.
Summary, etc "The fourth edition of this well-established introductory cartography textbook is updated to respond to the demand for critical engagement with new technologies, the passion for inclusive design, and for preparing students to build competence in fundamental skills. Written in a friendly style, it is enjoyable to read and includes over 200 figures and maps, explaining everything from layout design to dynamic cartography issues. Additional updates include the role of AI in cartography, placements and best practices for digital map elements, global labeling techniques including language support, hybrid map styling, multiscale map testing, and information on 4D mapping"--
Assigning source Provided by publisher.
650 #0 - SUBJECT ADDED ENTRY--TOPICAL TERM
Topical term or geographic name as entry element Cartography.
650 #0 - SUBJECT ADDED ENTRY--TOPICAL TERM
Topical term or geographic name as entry element Geographic information systems.
776 08 - ADDITIONAL PHYSICAL FORM ENTRY
Relationship information Online version:
Main entry heading Peterson, Gretchen N.
Title GIS cartography
Edition Fourth edition.
Place, publisher, and date of publication Boca Raton, FL : CRC Press, Taylor & Francis Group, 2025
International Standard Book Number 9781003531302
Record control number (DLC) 2024038109
906 ## - LOCAL DATA ELEMENT F, LDF (RLIN)
a 7
b cbc
c orignew
d 1
e ecip
f 20
g y-gencatlg
942 ## - ADDED ENTRY ELEMENTS (KOHA)
Source of classification or shelving scheme Library of Congress Classification
Koha item type Books
Holdings
Withdrawn status Lost status Source of classification or shelving scheme Damaged status Not for loan Permanent Location Current Location Date acquired Total Checkouts Full call number Barcode Date last seen Price effective from Koha item type
    Library of Congress Classification     NILE UNIVERSITY OF NIGERIA - MAIN LIBRARY NILE UNIVERSITY OF NIGERIA - MAIN LIBRARY 04/07/2026   GA 105.3 .P47 2025 0199608 04/07/2026 04/07/2026 Books